| 000 | 00555nam a22002057a 4500 | ||
|---|---|---|---|
| 003 | KOHA_MİRAKIL | ||
| 005 | 20260324130131.0 | ||
| 008 | 260324b tu ||||| |||| 00| 0 tur d | ||
| 020 | _a9786058477681 | ||
| 040 |
_aTR-AnABB _btur _cTR-AnABB |
||
| 041 | _atur | ||
| 082 |
_a911.561 _bOZC 2015 |
||
| 100 | 1 | _aÖzçağlar, Ali | |
| 245 | 1 | 0 |
_aYönetsel coğrafya / _cAli Özçağlar |
| 260 |
_aAnkara : _bNika Yayınları, _c2015 |
||
| 300 |
_a287 sayfa ; _c20 cm |
||
| 500 | _aDizin vardır. | ||
| 650 | 0 | 4 | _aCoğrafya |
| 942 |
_2ddc _cBK |
||
| 999 |
_c10022 _d10022 |
||
| 900 | _bCan ÇELIK | ||